| 000 -ლიდერი |
| ფიქსირებული სიგრძის საკონტროლო ველი |
01093nam a2200253Ia 4500 |
| 001 - საკონტროლო ნომერი |
| საკონტროლო ველი |
23167 |
| 003 - საკონტროლო ნომრის იდენტიფიკატორი |
| საკონტროლო ველი |
GE_BSU |
| 005 - ბოლო ოპერაციის თარიღი და დრო |
| საკონტროლო ველი |
20230717144200.0 |
| 008 - ფიქსირებული სიგრძის მონაცემთა ელემენტები - ზოგადი ინფორმაცია |
| ფიქსირებული სიგრძის საკონტროლო ველი |
181216s1967||||ge |||||||||||||| ||geo|| |
| 040 ## - კატალოგიზაციის წყარო |
| Transcribing agency |
GE_BSU |
| 041 ## - ენის კოდი |
| Language code of text/sound track or separate title |
geo |
| 080 ## - უნივერსალური ათობითი კლასიფიკაციის ინდექსი |
| Universal Decimal Classification number |
821.111-31 ჰ-3 |
| 100 ## - მთავარი ჩანაწერი - პიროვნების სახელი |
| Personal name |
ჰარდი, ტომას |
| 9 (RLIN) |
19386 |
| 245 ## - ცნობა სათაურის შესახებ |
| Title |
ტეს დ'ერბერვილი. უბიწო ქალი : რომანი / |
| Statement of responsibility, etc |
ტომას ჰარდი ; თარგმანი ინგლ. გ. ამაშუკელისა ; რედ. ე. გოგოლაშვილი. |
| 264 ## - წარმოების, გამოცემის, დისტრიბუციის და სხვა ცნობები |
| გამოცემის, წარმოების, დისტრიბუციის... ადგილი |
თბილისი : |
| გამოცემის, წარმოების, დისტრიბუციის... სახელწოდება |
საბჭ. საქართველო, |
| გამოცემის, წარმოების, დისტრიბუციის... თარიღი |
1967. |
| 300 ## - ფიზიკური აღწერა |
| Extent |
422 გვ. ; |
| Dimensions |
22 სმ. |
| 653 ## - INDEX TERM--UNCONTROLLED |
| Uncontrolled term |
რომანი |
| 653 ## - INDEX TERM--UNCONTROLLED |
| Uncontrolled term |
ტეს დ'ერბერვილი |
| 653 ## - INDEX TERM--UNCONTROLLED |
| Uncontrolled term |
უბიწო ქალი |
| 700 ## - ADDED ENTRY--PERSONAL NAME |
| Personal name |
ამაშუკელი, გ. |
| Relator term |
მთარგმნელი |
| 9 (RLIN) |
19387 |
| 700 ## - ADDED ENTRY--PERSONAL NAME |
| Personal name |
გოგოლიშვილი, ე. |
| Relator term |
რედაქტორი |
| 9 (RLIN) |
19388 |
| 942 ## - ADDED ENTRY ELEMENTS (KOHA) |
| Koha item type |
წიგნი |
| Source of classification or shelving scheme |
|